000 00987cam a22003015a 4500
001 12758122
005 20150810115409.0
008 020427t2003 mau frb 001 0 eng d
010 _a2002071051
020 _a9780631232124 (alk. paper)
020 _a9780631232131
040 _aDLC
_beng
_cDLC
_dEG-ScBUE
_dDLC
082 0 4 _a149
_222
_bFRO
245 0 0 _aFrom modernism to postmodernism :
_ban anthology /
_cedited by Lawrence Cahoone.
250 _a2nd ed., Expanded ed.
260 _aMalden, Massachusetts :
_bBlackwell Publishing,
_cc.2003.
300 _axv, 622 p. ;
_c26 cm.
490 0 _aBlackwell philosophy anthologies ;
_v2
500 _aIndex : p. 606-622.
504 _aBibliography : p. 601-605.
650 0 _aPostmodernism
_912566
_2BUEsh
650 0 _aModernism (Christian theology)
_2BUEsh
651 _2BUEsh
653 _bBUSADM
_cAugust2015
655 _vreading book
_934232
700 1 _aCahoone, Lawrence,
_d1954-,
_936701
_eeditor.
942 _2ddc
_k149 FRO
999 _c18685
_d18657